Normal view
MARC view
- Núñez, José Abelardo,
Entry Nombre Personal
001 - NUMERO DE CONTROL
- campo de control: 29759
003 - IDENTIFICADOR DE NUMERO DE CONTROL
- campo de control: MX-MxUPN
005 - FECHA Y HORA DE LA ÜLTIMA TRANSACCIÓN
- campo de control: 20240605162815.0
008 - DATOS DE LONGITUD FIJA
- campo de control de longitud fija: 240605nn|acannaabn a aaa |d
035 ## - NUMERO DE CONTROL
- Número de control: UPN11000001865
040 ## - FUENTE DE CATALOGACIÓN
- Lenguaje de catalogación: spa
- Agencia de transcripción: MX-MxUPN
- Agencia original de catalogación: MX-MxUPN
100 1# - ENCABEZAMIENTO - NOMBRE PERSONAL
- Nombre personal: Núñez, José Abelardo,
- Fechas asociadas con el nombre: 1840-1910
370 ## - LUGAR ASOCIADO
- Fuente del término: $naf
- Place of birth: Chile
- Place of residence/headquarters: Estados Unidos
374 ## - OCUPACIÓN
- Occupation: Educador
400 1# - VEÁSE - NOMBRE DE PERSONA
- Personal name: Núnez, J. Abelardo,
- Dates associated with a name: 1840-1910
670 ## - FUENTE EN LA QUE SE LOCALIZARON DATOS
- Cita de la fuente: El lector americano, 1904 :
- Información localizada: portada (J. Abelardo Núñez)
670 ## - FUENTE EN LA QUE SE LOCALIZARON DATOS
- Cita de la fuente: Autoridades LC, 05 mayo 2024 :
- Información localizada: (Núñez, José Abelardo, 1840-1910)
- Uniform Resource Identifier: https://lccn.loc.gov/no2023107598
902 ## - CATALOGADOR
- Catalogador: DAA/310708
- Catalogador: MaríaRobles/050624
